Astronomical and astrophysical transactions: journal of the Eurasian Astronomical Society

Saved in:
Bibliographic Details
Format: Edited Volume Journal
Language:English
Published: Cambridge Cambridge Scientific Publishers 1992-
Philadelphia Gordon and Breach Science Publ. früher
London [u.a.] Taylor & Francis -2007
Volumes / Articles: Show Volumes / Articles.
ISSN:1476-3540
1055-6796
DOI:10.17184/eac.aaptr
Subjects:
Online Access:Resolving-System: https://doi.org/10.17184/eac.aaptr
Frontdoor-Url: https://ezb.ur.de/?2069817-3
Verlag; Vol. 27 (2010/2011)-: https://aaptr.com/
Verlag; 1.1992 - 26.2007: https://www.tandfonline.com/loi/gaat20
Verlag; 1.1992 - 19.2000, Deutschlandweit zugänglich: https://www.tib.eu/de/openurl/search?issn=1055-6796&eissn=1476-3540&DlicenseModel=nl
Agentur: http://www.ingentaconnect.com/content/tandf/gaat
Get full text

MARC

LEADER 00000cas a2200000 c 4500
001 341900761
003 DE-627
005 20241210195309.0
007 cr |||||||||||
008 020206c19929999xxkz| p|o 0 |0eng c
016 7 |a 023154381  |2 DE-101 
016 7 |a 2069817-3  |2 DE-600 
022 |a 1476-3540 
024 7 |a 10.17184/eac.aaptr  |2 doi 
030 |a AATREG 
035 |a (DE-627)341900761 
035 |a (DE-576)263470253 
035 |a (DE-599)ZDB2069817-3 
035 |a (OCoLC)1368123058 
040 |a DE-627  |b ger  |c DE-627  |e rakwb 
041 |a eng 
044 |c XA-GB 
082 0 4 |a 520  |q DE-600 
084 |a 39.00  |2 bkl 
245 0 0 |a Astronomical and astrophysical transactions  |b journal of the Eurasian Astronomical Society 
246 1 |i Abweichender Titel  |a AApTr 
246 1 |i Titelzusatz früher  |a The journal of the Soviet Astronomical Society 
264 3 1 |a Cambridge  |b Cambridge Scientific Publishers  |c 1992- 
264 2 1 |a Philadelphia  |b Gordon and Breach Science Publ.  |c früher 
264 2 1 |a London [u.a.]  |b Taylor & Francis  |c -2007 
300 |a Online-Ressource 
336 |a Text  |b txt  |2 rdacontent 
337 |a Computermedien  |b c  |2 rdamedia 
338 |a Online-Ressource  |b cr  |2 rdacarrier 
362 0 |a 1.1992 - 
363 0 1 |a 1  |i 1992 
500 |a Gesehen am 29.11.2022 
500 |a Herausgeber früher: Soviet Astronomical Society 
655 7 |a Zeitschrift  |0 (DE-588)4067488-5  |0 (DE-627)10454466X  |0 (DE-576)20917000X  |2 gnd-content 
776 1 |x 1055-6796 
776 0 8 |i Erscheint auch als  |n Druck-Ausgabe  |t Astronomical and astrophysical transactions  |d Cambridge : Cambridge Scientific Publishers, 1992  |w (DE-627)186759274  |w (DE-600)1267090-X  |w (DE-576)9186759272  |x 1055-6796 
776 0 8 |i Elektronische Reproduktion  |t Astronomical and astrophysical transactions  |d Philadelphia : Gordon and Breach Science Publishers, 1998  |h Online-Ressource  |w (DE-627)394164326  |w (DE-600)2160517-8  |w (DE-576)281257922 
856 4 0 |u https://doi.org/10.17184/eac.aaptr  |x Resolving-System 
856 4 0 |u https://ezb.ur.de/?2069817-3  |x Frontdoor-Url 
856 4 0 |u https://aaptr.com/  |x Verlag; Vol. 27 (2010/2011)- 
856 4 0 |u https://www.tandfonline.com/loi/gaat20  |x Verlag; 1.1992 - 26.2007 
856 4 0 |u https://www.tib.eu/de/openurl/search?issn=1055-6796&eissn=1476-3540&DlicenseModel=nl  |x Verlag; 1.1992 - 19.2000  |z Deutschlandweit zugänglich 
856 4 0 |u http://www.ingentaconnect.com/content/tandf/gaat  |x Agentur 
912 |a ZDB-1-TFO 
936 b k |a 39.00  |j Astronomie: Allgemeines  |0 (DE-627)106406922 
951 |a JT 
SPR |a Y 
JSO |a {"origin":[{"dateIssuedKey":"1992","publisher":"Cambridge Scientific Publishers ; Gordon and Breach Science Publ. ; Taylor & Francis","dateIssuedDisp":"1992-","publisherPlace":"Cambridge ; Philadelphia ; London [u.a.]"}],"title":[{"title":"Astronomical and astrophysical transactions","subtitle":"journal of the Eurasian Astronomical Society","title_sort":"Astronomical and astrophysical transactions"}],"id":{"issn":["1476-3540"],"zdb":["2069817-3"],"doi":["10.17184/eac.aaptr"],"eki":["341900761"]},"pubHistory":["1.1992 -"],"titleAlt":[{"title":"AApTr"},{"title":"The journal of the Soviet Astronomical Society"}],"physDesc":[{"extent":"Online-Ressource"}],"type":{"bibl":"periodical","media":"Online-Ressource"},"note":["Gesehen am 29.11.2022","Herausgeber früher: Soviet Astronomical Society"],"language":["eng"],"recId":"341900761"} 
SRT |a ASTRONOMIC1992